00273nam a2200097Ia 4500008004000000082001800040100003700058245003500095260003700130300000800167210210b1988 xxu||||| |||| 00| 0 eng d a375.6137 KAMM aKAMLESH (M L) and SANGRAL (M S). aMethods in physical education. aLudhianabParkash Brothersc1988 a192